| 000 | 00482nam a2200121Ia 4500 | ||
|---|---|---|---|
| 008 | 160712s9999 xx 000 0 und d | ||
| 100 | _aGuillermo, Ramon. | ||
| 245 |
_cRamon Guillermo _aTsapter 17(Les Bambous de Paris) ng Baybayin, l’Alphabet Syllabique des Tagals ni Jean-Paul G. Potet |
||
| 260 |
_c2013 _bSocial Science Diliman |
||
| 300 | _avol. 9 no. 2 | ||
| 650 | _xSOCIAL SCIENCE | ||
| 856 | _uhttp://journals.upd.edu.ph/index.php/socialsciencediliman/issue/view/405/showToc | ||
| 999 |
_c297357 _d297357 |
||